000 01033nmm a2200325 a 4500
001 ocm000601591
003 TR-IsHL
005 20201028131215.0
008 131010s2011 tu tur
007 cr cn
020 _a9789758890613
035 _a601591
_b(N$T)
050 0 4 _aQA76.5
_b.Y35 2011
090 0 4 _aQA76.5
_b.Y35 2011
100 1 _aYalçın, Kadir
245 1 0 _aTemel bilgisayar teknolojileri eğitimi
_h[electronic resource] /
_cKadir Yalçın
250 _a1.bs.
260 _aKonya :
_bEğitim Akademi Yayınevi,
_c2011
300 _a416 p.
650 4 _aBilgisayar
650 4 _aComputer Sciences
650 0 _aÖğretim teknolojisi
650 0 _aEducational technology
650 0 _aEğitim teknolojisi
650 0 _aInstructional technology
650 0 _aBilgisayar destekli eğitim
650 0 _aComputer managed instruction
650 7 _aEDUCATION / Computers & Technology
_2bisacsh
856 4 0 _uhttp://search.ebscohost.com/login.aspx?direct=true&scope=site&db=e011xww&AN=601591
999 _c4436
_d4436